000 00895naa a22002897a 4500
001 BR6009926
003 BR-BrBNA
005 20240918173126.0
007 ta
008 230509b bl.||||| |||| 00| 0 por d
040 _aBR-BrBNA
_bpor
_cBiblioteca Nacional de Agricultura
041 _a(Pt)
072 _aL72
_b5212
_b4060
090 _aL72 BR6009926
100 1 _aAraujo, C.P. de
111 1 _a6. Congresso Rural
_cPorto Alegre, RS (Brazil)
_d10 Jul 1932
245 1 _aA gazolina no tratamento da verminose dos bovideos [Desinfeccao]
260 3 _aPorto Alegre, RS (Brasil):
_c1932.
500 _aAnnaes do 6. Congresso Rural Porto Alegre, RS (Brasil): 1932. p. 389-391 (BR6009926-AM)L72
650 _aPraga de animal
650 _aVerminose
650 _aBovino
650 _aGasolina
650 _aDesinfeccao
909 _a202404
_bLucia
_c55
_dLucia Elande
942 _cAM
_2AGRIS
999 _c303007
_d303007